| 000 | 00915nmc a2200301 a 4500 | ||
|---|---|---|---|
| 003 | AR-BaBNM | ||
| 005 | 20251128204649.0 | ||
| 008 | 011101s1989 ||||||||||||||000 | spa|| | ||
| 020 | _a950-02-5790-4 | ||
| 040 | _cAR-BaBNM | ||
| 100 | 1 | _aD'Urbano de Negrotto, Alicia B. | |
| 245 | 1 | 0 |
_aCrecer pensando _binformática en la escuela |
| 260 |
_aBuenos Aires _bEl Ateneo _c1989 |
||
| 300 |
_a106 p. _bil., diagr. |
||
| 490 | 0 | _aBiblioteca nuevas orientaciones de la educación. Formación docente | |
| 500 | _aContiene glosario en p.: 91-104 | ||
| 504 | _aBibliografía: p. 105-106 | ||
| 650 | 4 | _aCOMPUTADORAS | |
| 650 | 4 | _aENSENANZA POR COMPUTADORA | |
| 650 | 4 | _aINFORMATICA | |
| 650 | 4 | _aLENGUAJES DE COMPUTACION | |
| 650 | 4 | _aPROGRAMAS INFORMATICOS | |
| 653 | _aEDUCACION PRIMARIA | ||
| 653 | _aEDUCACION SECUNDARIA | ||
| 700 | 1 | _aGiudice de Victorica, Vilma I. | |
| 942 | _cBK | ||
| 998 | _cSILVI | ||
| 999 |
_c8292 _d8292 |
||